000 00364cam a2200145ua 4500
041 _aeng
_h
082 _a828.03
_bFEL/ME
100 _aFelton, Monica .
245 _aI meet Rajaji /
_cMonica Felton.
_hTextual Documents
260 _aLondon :
_bMacMillan and Company Limited ,
_c1962.
300 _a193 ; .
504 _a
942 _cBK
999 _c12824
_d12824